000 00497nam a2200181Ia 4500
001 20022
005 20260306172735.0
008 260306t2015||||xx |||||||||||||| ||spa||
041 _aESP
082 _a342.211
_bA61
100 _aAngulo López, Geofredo
_eAUT
245 0 _aTeoría contemporánea de los derechos humanos:
_belementos para una reconstrucción sistémica
260 _c2015
300 _a365 páginas :
_c24 cm.
650 _aGEN
654 _aCDE
942 _cLIB
_dJUS
_fJUS
_2ddc
_n
999 _c20022
_d20022